[Event "GER-chT U10"]
[Site "Magdeburg"]
[Date "2014.12.28"]
[Round "5.4"]
[White "Roensch, Franziska"]
[Black "Wolterink, Insa"]
[Result "0-1"]
[WhiteElo "677"]
[BlackElo "865"]
[PlyCount "84"]
[EventDate "2014.12.27"]
[EventType "team-swiss"]
[EventRounds "7"]
[EventCountry "GER"]
[SourceTitle "EXT 2016"]
[Source "ChessBase"]
[SourceDate "2015.10.08"]
[SourceVersion "1"]
[SourceVersionDate "2015.10.08"]
[SourceQuality "1"]
[WhiteTeam "Oberland"]
[BlackTeam "Nordhorn Blanke"]
[WhiteTeamCountry "GER"]
[BlackTeamCountry "GER"]

1. e4 e5 2. Nf3 Nc6 3. Bd3 Nf6 4. 0-0 Bb4 5. a3 Ba5 6. Bc4 d6 7. d3 Bg4 8. h3 Bh5 9. Qe2 0-0 10. Qe3 h6 11. Nh4 Nd4 12. c3 Nc2 13. Qd2 Nxa1 14. Qe3 a6 15. Qg3 b5 16. Nf5 Bg6 17. Nxh6+ gxh6 18. Bxh6 Re8 19. Bxf7+ Kxf7 20. d4 exd4 21. cxd4 Nxe4 22. Qf4+ Qf6 23. Nd2 Qxf4 24. Bxf4 Nxd2 25. Bxd2 Bxd2 26. Rxa1 Re1+ 27. Rxe1 Bxe1 28. Kf1 Ba5 29. Kg1 Bb6 30. d5 Be4 31. h4 Bxd5 32. b4 Bd4 33. g3 Re8 34. Kh2 Bxf2 35. a4 bxa4 36. b5 axb5 37. Kh3 a3 38. Kg4 Re4+ 39. Kh3 a2 40. Kh2 a1Q 41. Kh3 Be6+ 42. Kh2 Qg1# 0-1

[Event "GER-chT U10"]
[Site "Magdeburg"]
[Date "2014.12.28"]
[Round "4.4"]
[White "Schroeder, Tim"]
[Black "Roensch, Franziska"]
[Result "0-1"]
[WhiteElo "600"]
[BlackElo "677"]
[PlyCount "24"]
[EventDate "2014.12.27"]
[EventType "team-swiss"]
[EventRounds "7"]
[EventCountry "GER"]
[SourceTitle "EXT 2016"]
[Source "ChessBase"]
[SourceDate "2015.10.08"]
[SourceVersion "1"]
[SourceVersionDate "2015.10.08"]
[SourceQuality "1"]
[WhiteTeam "Berlin Schachunion II"]
[BlackTeam "Oberland"]
[WhiteTeamCountry "GER"]
[BlackTeamCountry "GER"]

1. e4 e5 2. Nf3 Nc6 3. Bc4 Bc5 4. 0-0 Nge7 5. Nc3 0-0 6. d3 Ng6 7. Bg5 Be7 8. Qd2 d6 9. h4 Qd7 10. Rfe1 Qg4 11. Bd5 Nf4 12. Bc4 Qxg2# 0-1

[Event "GER-chT U10"]
[Site "Magdeburg"]
[Date "2013.12.28"]
[Round "5.3"]
[White "Roessl, Mira"]
[Black "Roensch, Franziska"]
[Result "1-0"]
[WhiteElo "672"]
[BlackElo "752"]
[PlyCount "100"]
[EventDate "2013.12.27"]
[EventType "team-swiss"]
[EventRounds "5"]
[EventCountry "GER"]
[SourceTitle "EXT 2015"]
[Source "ChessBase"]
[SourceDate "2014.11.20"]
[SourceVersion "1"]
[SourceVersionDate "2014.11.20"]
[SourceQuality "1"]
[WhiteTeam "Harksheide II"]
[BlackTeam "Oberland"]
[WhiteTeamCountry "GER"]
[BlackTeamCountry "GER"]

1. e4 e5 2. Nf3 Nc6 3. Bc4 Bc5 4. c3 Nf6 5. d4 exd4 6. cxd4 Bxd4 7. Nxd4 Nxd4 8. Qxd4 0-0 9. e5 d6 10. exf6 Qxf6 11. Qxf6 gxf6 12. Bh6 Re8+ 13. Be2 Bf5 14. 0-0 Rxe2 15. Nc3 Rxb2 16. Rae1 Rc2 17. Nd1 Rxa2 18. Re2 Rxe2 19. Nc3 Rc2 20. Nd5 c6 21. Nxf6+ Kh8 22. Re1 Rc1 23. Rxc1 Rd8 24. Rc4 Bd3 25. Rg4 Bg6 26. h4 d5 27. h5 Rd6 28. Rf4 Bxh5 29. Rf5 Bg6 30. Re5 Re6 31. Rg5 Rxf6 32. Rg4 c5 33. Ra4 d4 34. Rxa7 Ra6 35. Rxb7 Ra8 36. Rc7 d3 37. Rd7 f6 38. Rxd3 c4 39. Rc3 Rc8 40. Kf1 Bd3+ 41. Ke1 Re8+ 42. Kd2 Re2+ 43. Kc1 Re1+ 44. Kb2 Rb1+ 45. Ka3 Ra1+ 46. Kb4 Rb1+ 47. Kc5 Ra1 48. Kd4 Rd1 49. Ra3 Be2+ 50. Ke3 Re1 1-0